00651nam a2200157Ia 4500003000900000005001700009008004100026040003100067040001300098041000800111100002400119245007000143260003800213300002000251520022200271IT-RoPAU20220918175755.0120407s9999 xx 000 0 und d aIT-RoPAUc20140322113457.0 cIT-RoPAU aita aFiglie di San Paolo aCostituzioni e Direttorio della Pia Società Figlie di S. Paolo. c1984aRoma bCasa Generalizia FSP a223 p.c16,5 cm aIndice generale Presentazione Decreto della Sacra Congergazione per i religiosi Abbreviazioni e note La vocazione delle Figlie di San Paolo nella Chiesa Formazione Governo e amministrazione Fedeltà e perseveranza